| 000 | 00600cam a22002053a 4500 | ||
|---|---|---|---|
| 001 | 39439 | ||
| 003 | PGUSA | ||
| 005 | 20140828083857.0 | ||
| 008 | 120413s2012||||xxu|||||s|||||000 | eng d | ||
| 040 |
_aPGUSA _beng |
||
| 042 | _adc | ||
| 245 | 1 | 0 |
_aHymns from the German : _bTranslated by Frances Elizabeth Cox _h[electronic resource] / _cVarious |
| 260 |
_bProject Gutenberg, _c2012 |
||
| 506 | _aPublic domain in the USA. | ||
| 516 | _aElectronic text | ||
| 700 | 1 | _aCox, Frances Elizabeth | |
| 830 | 0 |
_aProject Gutenberg _v39439 |
|
| 856 | 4 | 0 | _uhttp://www.gutenberg.org/ebooks/39439 |
| 942 | _cEB | ||
| 999 |
_c268692 _d268692 |
||